Цыганские песни (Запись № 13285876)

Подробности
000 -МАРКЕР
контрольное поле 04707njm0a2200469 4500
001 - ИДЕНТИФИКАТОР ЗАПИСИ
контрольное поле RU\NLR\ONIZ\304138
005 - ИДЕНТИФИКАТОР ВЕРСИИ
контрольное поле 20250708194143.0
035 ## - ДРУГИЕ СИСТЕМНЫЕ НОМЕРА
Идентификатор записи (NLR Aleph) 022230582
071 00 - ИЗДАТЕЛЬСКИЙ НОМЕР
Номер, присвоенный агентством С-01263-4
100 ## - ДАННЫЕ ОБЩЕЙ ОБРАБОТКИ
Данные общей обработки 20240501g19 |||y0rusy50 ca
102 ## - СТРАНА ПУБЛИКАЦИИ ИЛИ ПРОИЗВОДСТВА
Страна публикации Российская Федерация
126 ## - ПОЛЕ КОДИРОВАННЫХ ДАННЫХ: ЗВУКОЗАПИСИ - ФИЗИЧЕСКИЕ ХАРАКТЕРИСТИКИ
Кодированные данные звукозаписи (общие) abbxexu ux
Кодированные данные звукозаписи (уточнения) xxx
127 ## - ПОЛЕ КОДИРОВАННЫХ ДАННЫХ: ПРОДОЛЖИТЕЛЬНОСТЬ ЗВУКОЗАПИСЕЙ И НОТНЫХ ИЗДАНИЙ (МУЗЫКАЛЬНОЕ ИСПОЛНЕНИЕ)
Продолжительность 003800
200 1# - ЗАГЛАВИЕ И СВЕДЕНИЯ ОБ ОТВЕТСТВЕННОСТИ
Основное заглавие Цыганские песни
Общее обозначение материала Звукозапись
203 ## - ВИД СОДЕРЖАНИЯ И ТИП СРЕДСТВА
Вид содержания Музыка
Дополнительные сведения об издании
Тип средства аудио
210 ## - ПУБЛИКАЦИЯ, РАСПРОСТРАНЕНИЕ И ДР.
Место издания, распространения и т.д. Москва
Имя издателя, распространителя и т. д. Мелодия
Дата издания, распространения и т.д. [19--]
Имя изготовителя Завод грампластинок
Место изготовления Ленинград
215 ## - ФИЗИЧЕСКАЯ ХАРАКТЕРИСТИКА
Специфическое обозначение материала и объем 1 грп. [ГОСТ 5289-68] (38 мин) : 33 об/мин, стерео
Размеры 30 см, в конв
327 1# - ПРИМЕЧАНИЯ О СОДЕРЖАНИИ
Текст примечания 1. Не вечерняя ; В час роковой ; Застольная : [из спектакля "Живой труп" по пьесе Л. Н. Толстого] ;
-- 2. Не смущай : ("Грушенька").
-- 3. Кай ёнэ / В. Барончук - И. Ром-Лебедев.
-- 4. Пасня прэ чар : ("Цыганка Аза") ;
-- 5. Сосница ;
-- 6. Э калина, э малина ; Дуй, дуй ; Забагандя о вэш гилы : ("Сломанный кнут") ;
-- 7. Барьёна цвэтики ; Песня Марфушки : ("Плясунья") ;
-- 8. Малярка ;
-- 9. Мэ дарава ;
-- 10. Мар, Дяндя / исполняют: Нина Панкова (1), Рада Волшанинова (1, 2), Сергей Золотарев (3), Николай Волшанинов (5), Раиса Удовикова (6, 7), Рада и Николай Волшаниновы (8), Нина Панкова (9), Николай Семенов и Владимир Демент (10), И. Ром-Лебедев, Р. Мелешко и др., гитары, Хор театра "Ромэн"
464 #0 - АНАЛИТИЧЕСКИЙ УРОВЕНЬ
Встроенное поле 2001#$aНе вечерняя$aВ час роковой$aЗастольная$e[из спектакля "Живой труп" по пьесе Л. Н. Толстого]
-- 50000$aЖивой труп$bЗвукозапись$lспектакль$iВ час роковой$iЗастольная$iНе вечерняя$rгитара$rголос$rхор
Заглавие Застольная
464 #0 - АНАЛИТИЧЕСКИЙ УРОВЕНЬ
Встроенное поле 2001#$aНе смущай$e("Грушенька")
-- 50000$aГрушенька$iНе смущай$bЗвукозапись$lспектакль$rгитара$rголос$rхор
Заглавие Не смущай
464 #0 - АНАЛИТИЧЕСКИЙ УРОВЕНЬ
Встроенное поле 2001#$aКай ёнэ$fВ. Барончук - И. Ром-Лебедев
-- 700#1$9z02790$aБарончук$bВ. Ф.$gВладимир Фёдорович$f1911-?$4230$7ca
-- 702#1$9z01790$aРом-Лебедев$bИ. И.$gИван Иванович$cгитара$f1903-1991$4520$7ca
-- 790#1$9z01702$aRom-Lebedev$bI. I.$gIvan Ivanovič$cguitar$f1903-1991$4520$7ba
-- 790#1$9z02700$aBarončuk$bV.$gVladimir$f1911-?$4230$7ba
Заглавие Кай ёнэ
Автор Барончук, Владимир Фёдорович (1911-?)
464 #0 - АНАЛИТИЧЕСКИЙ УРОВЕНЬ
Встроенное поле 2001#$aПасня прэ чар$e("Цыганка Аза")
-- 50000$aЦыганка Аза$iПасня прэ чар$bЗвукозапись$lспектакль$rгитара$rголос$rхор
Заглавие Пасня прэ чар
464 #0 - АНАЛИТИЧЕСКИЙ УРОВЕНЬ
Встроенное поле 2001#$aСосница
Заглавие Сосница
464 #0 - АНАЛИТИЧЕСКИЙ УРОВЕНЬ
Встроенное поле 2001#$aЭ калина, э малина$aДуй, дуй$aЗабагандя о вэш гилы$e("Сломанный кнут")
-- 50000$aСломанный кнут$iДуй, дуй$iЗабагандя о вэш гилы$iЭ калина, э малина$bЗвукозапись$lспектакль$rгитара$rголос$rхор
Заглавие Забагандя о вэш гилы
464 #0 - АНАЛИТИЧЕСКИЙ УРОВЕНЬ
Встроенное поле 2001#$aБарьёна цвэтики$aПесня Марфушки$e("Плясунья")
-- 50000$aПлясунья$iБарьёна цвэтики$iПесня Марфушки$bЗвукозапись$lспектакль$rгитара$rголос$rхор
Заглавие Песня Марфушки
464 #0 - АНАЛИТИЧЕСКИЙ УРОВЕНЬ
Встроенное поле 2001#$aМалярка
Заглавие Малярка
464 #0 - АНАЛИТИЧЕСКИЙ УРОВЕНЬ
Встроенное поле 2001#$aМэ дарава
Заглавие Мэ дарава
464 #0 - АНАЛИТИЧЕСКИЙ УРОВЕНЬ
Встроенное поле 2001#$aМар, Дяндя
Заглавие Мар, Дяндя
606 1# - НАИМЕНОВАНИЕ ТЕМЫ КАК ПРЕДМЕТ
Наименование темы Песни цыганские для голоса
Формальный подзаголовок Звукозапись
Код системы nlr_sh
606 1# - НАИМЕНОВАНИЕ ТЕМЫ КАК ПРЕДМЕТ
Наименование темы Исполнители цыганских народных песен советские российские
Хронологический подзаголовок 20-21 вв.
Формальный подзаголовок Звукозапись
Код системы nlr_sh
-- ca
686 0# - ИНДЕКСЫ ДРУГИХ КЛАССИФИКАЦИЙ
Индекс Щ92(9=Цыг)-4я43
686 0# - ИНДЕКСЫ ДРУГИХ КЛАССИФИКАЦИЙ
Индекс Щ943.4-074я43(2)
712 02 - НАИМЕНОВАНИЕ ОРГАНИЗАЦИИ - ВТОРИЧНАЯ ОТВЕТСТВЕННОСТЬ
Начальный элемент ввода Хор театра "Ромэн"
Код отношения Исполнитель
Графика поля Кириллица
801 #0 - ИСТОЧНИК ЗАПИСИ
Страна Российская Федерация
Организация NLR
Дата составления 20240501
Правила каталогизации PSBO
801 #1 - ИСТОЧНИК ЗАПИСИ
Страна Российская Федерация
Организация NLR
Дата составления 20240501
Источник данных rusmarc
801 #2 - ИСТОЧНИК ЗАПИСИ
Страна Российская Федерация
Организация NLR
Дата составления 20240503
852 ## - МЕСТОНАХОЖДЕНИЕ И ШИФР ХРАНЕНИЯ
Идентификатор организации NLR
Наименование фонда или коллекции (Sub-Location Identifier) Мг
Шифр хранения (Call Number) 3/9519
Страна
Номер экземпляра 1
942 ## - ДОПОЛНИТЕЛЬНЫЕ ЭЛЕМЕНТЫ ЗАПИСИ (АБИС)
Тип экземпляра АБИС Звукозапись
980 ## - КОЛЛЕКЦИЯ
Название коллекции Национальная библиография
980 ## - КОЛЛЕКЦИЯ
Название коллекции Отдел нот и звукозаписей
Экземпляры
Тип экземпляра Дата поступления Библиотека постоянного хранения Библиотека текущего хранения Место хранения Шифр хранения Статус экземпляра
Звукозапись 01.05.2024 РНБ (Московский) РНБ (Московский) Фонд нот и звукозаписей 3/9519 3/9519